000
00304nam a2200121Ia 4500
008
190216s9999||||xx |||||||||||||| ||und||
100
_a
Abdul Jabar N
245
0
_a
Arabic Composition And Translation
260
_b
Al-Huda Book Stall
_c
2000
300
_a
116
650
_a
Arabic Composition
942
_c
BK
999
_c
22470
_d
22470